01040nam a22002892a 450000100060000000300080000600500170001400800410003102000150007203500350008703500190012204000320014104100080017308200260018110000310020724500690023826000730030730000220038049000500040250400400045265000200049265000220051283000580053494200120059299900170060495201290062177136BD-RjUL20211209082929.0200226r19761971nju b 001 0 eng d a0136996604 aOCLC ocm00140249 from D960702M a(BD-RjUL)77360 aDLCcDLCdEQOdBD-RjULbeng aeng 223a658.816bPAP 19761 aPalda, Kristian S.923988910aPricing decisions and marketing policy /c[by] Kristian S. Palda aEnglewood Cliffs, N.J :bPrentice-Hall,cc1971 [indian reprint 1976] ax, 116 p.;c23 cm1 aPrentice-Hall foundations of marketing series aIncludes bibliographical references 0aPricing9239890 0aMarketing9239891 0aPrentice-Hall foundations of marketing series9239895 2ddccBK c77136d77136 00102ddc40718NFICaRUCLbRUCLcReadingd1983-01-05g28.50l0o658.816 PAP 1976r2020-02-26 00:00:00tC-1w2020-02-26yBK